Discapacidades específicas de aprendizaje en niños : detección y tratamiento /

Contenido: Los déficit perceptuales y los aportes de Frostig. Cuestiones de desarrollo perceptual y cognoscitivo del niño, principios de diagnóstico y tratamiento de los problemas de aprendizaje. Diagnóstico y tratamiento de las discapacidades perceptuales. Fundamentos funcionales y discapacidades e...

وصف كامل

محفوظ في:
التفاصيل البيبلوغرافية
المؤلف الرئيسي: Frostig, Marianne (autor)
مؤلفون آخرون: Müller, Helmuth (autor) (autor)
التنسيق: كتاب
اللغة:الإسبانية
منشور في: Buenos Aires, Argentina : Panamericana, 1996, c1986
سلاسل:(Educación Especial)
الموضوعات:
الوسوم: إضافة وسم
لا توجد وسوم, كن أول من يضع وسما على هذه التسجيلة!

MARC

LEADER 00000nam^a2200000^a^4500
001 000094617
005 20250521000000.0
009 20260310092841.262
020 |a 950-06-0780-8 
037 |a Acervo ITESO - Biblioteca 
041 |a ESP 
082 |a 371. 914  |b FRO 
100 |a Frostig, Marianne  |e (autor) 
245 1 0 |a Discapacidades específicas de aprendizaje en niños :  |b detección y tratamiento /  |c M.Frostig, H. Müller ; tr. por Carlos Wernicke. 
264 4 |a Buenos Aires, Argentina :  |b Panamericana,  |c 1996, c1986 
300 |a 182 p. 
336 |a texto  |b txt  |2 rdacontenido 
337 |a sin mediación  |b n  |2 rdamedio 
338 |a volumen  |b nc  |2 rdasoporte 
440 1 |a (Educación Especial) 
500 |a Traducción de: Teillistungsstörungen, ihre erkennung und behandlung bei kindern 
520 |a Contenido: Los déficit perceptuales y los aportes de Frostig. Cuestiones de desarrollo perceptual y cognoscitivo del niño, principios de diagnóstico y tratamiento de los problemas de aprendizaje. Diagnóstico y tratamiento de las discapacidades perceptuales. Fundamentos funcionales y discapacidades específicas de aprendizaje, efectos en desarrollo del lenguaje. D. y T. de las alteraciones del habla y la comprensión del lenguaje. Dislexia. Concepciones problema de la condiciones funcionales encefálicas en los trastornos perceptuales y discapacidades de aprendizaje. 
649 |a XX 
650 |a Dislexia 
650 |a Trastornos del Lenguaje 
650 |a Problemas de Aprendizaje 
650 |a Desarrollo Cognoscitivo 
650 |a Psicología Educativa 
650 |a Educación Especial 
650 |a Neuropsicología 
650 |a Psicología Clínica 
700 |a Müller, Helmuth  |e (autor) 
910 |a Fondo General 
920 |a Impresos - Libros 
930 |a Colección General 
905 |a 101 
901 |a 0500029696  |b IT1  |c ACC  |u 20250521 
902 |a https://opac.biblio.iteso.mx/vufind/Record/000094617